| 000 | 01015nam a22002297a 4500 | ||
|---|---|---|---|
| 005 | 20240530110532.0 | ||
| 008 | 160320s2013 ua o f 000 0 ara d | ||
| 017 |
_a2012/17596 _bمصر . دار الكتب المصرية |
||
| 020 | _a9789774901911 | ||
| 040 | _aEG-CaGPL | ||
| 082 | 0 | 4 |
_221 _a364.1524\ _bم ق |
| 100 | 0 | _aمحمد عبدالهادى علام . | |
| 245 | 1 | 0 |
_aقصة اغتيال بويصير و الكخيا فى مصر : _bمن ميونيخ الى سيناء .. ومن القاهرة الى المجهول نهايتان ماساويتان للنضال من اجل الحرية و فلسطين / _cمحمد عبدالهادى علام . |
| 250 | _aط1. | ||
| 260 |
_aالقاهرة : _bدار العين لنشر ، _c2013 . |
||
| 300 |
_a213 ص : _bصور ؛ _c24 سم . |
||
| 600 | 0 | _aصالح بويصير . | |
| 650 | 0 | 4 | _aالجرائم السياسية . |
| 651 | 0 | 4 |
_aمصر _xالاحوال السياسية . |
| 942 |
_2ddc _cBK |
||
| 999 |
_c62104 _d62104 |
||